Statistics for Bible Trivia P-Z

Click here to take the quiz!

General Stats

  • This quiz has been taken 243 times
  • The average score is 6 of 10

Answer Stats

HintAnswer% Correct
"The Lord himself will give you a sign. A ___________ will conceive..."Virgin
84%
"My ________ is easy and my burden is light."Yoke
82%
City where Paul wrote several "prison epistles."Rome
74%
He told King Saul that his disobedience to God would cost Him God's favor.Samuel
74%
He was the father of the apostles James and John.Zebedee
61%
Esther was chosen to be queen by this king, who was also called AhasuerusXerxes
59%
She brought King Solomon spices, gold and precious stones after hearing of his wisdom.Queen of Sheba
50%
It's where Jonah tried to go after being told by God to go to Nineveh.Tarshish
40%
This Samaritans encounter with Jesus is told in John 4.Woman at the well
39%
He was struck dead after touching the Ark of the Covenant.Uzzah
25%

Score Distribution

Percentile by Number Answered

Percent of People with Each Score

Your Score History

You have not taken this quiz